[Event "11th LCC FIDE Open 2019"]
[Site "London"]
[Date "2019.12.03"]
[Round "6.12"]
[White "Berry, Neil"]
[Black "Kirk, Ezra G"]
[Result "0-1"]
[WhiteElo "2250"]
[BlackElo "2433"]
[Annotator "TA"]
[PlyCount "70"]
[EventDate "2019.11.29"]
[EventType "swiss"]
[EventCountry "ENG"]
[SourceTitle "playchess.com"]
[Source "ChessBase"]
[SourceQuality "1"]

{[%evp 14,70,35,48,49,33,48,41,43,39,31,32,55,0,0,0,0,-75,-81,-90,-74,-127,-120,-174,-89,-167,-149,-157,-181,-268,-265,-271,-271,-258,-204,-267,-262,-268,-258,-260,-252,-892,-892,-850,-845,-871,-782,-725,-716,-2870,-685,-2863,-2906,-1766,-760,-1766,-1702,-1322,-1197]} 1. d4 Nf6 2. c4 e6 3. Nf3 d5 4. g3 dxc4 5. Bg2 a6 6. O-O Nc6 7. e3 Rb8 8. Nfd2 Qd7 {E04: Open Catalan: 5 Nf3} (8... e5 9. Bxc6+ bxc6 10. dxe5 Ng4 11. Nxc4 Be6 12. Qe2 h5 13. Rd1 Qc8 14. Qf3 Rb6 15. Nxb6 cxb6 16. h4 Nxe5 {½-½ (41) Grischuk,A (2759)-Ding,L (2811) Khanty-Mansiysk 2019}) 9. Nxc4 b5 10. Ne5 Nxe5 {White is slightly better.} 11. dxe5 Qxd1 12. Rxd1 Nd7 13. Bd2 $146 (13. f4 $14) ({Predecessor:} 13. f4 Be7 14. a4 bxa4 15. Bc6 f6 16. exf6 gxf6 17. Rxa4 {0-1 (74) Gledura,B (2585)-Naiditsch,A (2696) Baku 2016}) 13... Nxe5 $11 14. Ba5 Bd6 15. Rxd6 (15. Nd2 $11) 15... cxd6 $17 16. Bc7 {[#]} Rb7 $1 {[%cal Rb7c7]} 17. Bxd6 (17. Bxb7 $142 Bxb7 18. Bxd6 Nf3+ 19. Kf1) 17... Rd7 18. Bxe5 {Strongly threatening Bc6.} Rd1+ 19. Bf1 f6 20. Bc3 {[#]} b4 $1 $36 {[%cal Rb4c3][%mdl 2560] Black is on the roll.} 21. Bxb4 {[#]} (21. Bd2 $142 a5 22. Kg2 Bb7+ 23. f3 Bxf3+ 24. Kxf3 Rxf1+ 25. Ke2) 21... a5 $1 $19 {[%cal Ra5b4][%mdl 512]} 22. Bc3 (22. Bxa5 Ba6) 22... Ba6 $1 {[%cal Ra6f1]} 23. b3 {Nd2 is the strong threat.} Rxf1+ 24. Kg2 Rc1 25. Bd4 Bb7+ 26. Kh3 Rc2 {And now ...e5 would win.} 27. f4 $2 (27. e4) 27... Bg2+ {Black is clearly winning.} 28. Kh4 Bf3 {[%cal Rc2h2]} 29. g4 h5 30. g5 e5 31. Bc3 exf4 (31... Rg2 $142 32. h3 exf4 33. exf4 fxg5+ 34. fxg5 O-O) 32. exf4 Rg2 {( -> ...Rg4+)} 33. h3 fxg5+ 34. fxg5 O-O {[%cal Rf8f4]} 35. Be5 Re8 {Accuracy: White = 56%, Black = 92%.} 0-1

[Event "11th LCC FIDE Open 2019"]
[Site "London"]
[Date "2019.12.03"]
[Round "6.13"]
[White "Makkar, Rajat"]
[Black "Merry, Alan B"]
[Result "0-1"]
[WhiteElo "2125"]
[BlackElo "2426"]
[Annotator "TA"]
[PlyCount "120"]
[EventDate "2019.11.29"]
[EventType "swiss"]
[EventCountry "ENG"]
[SourceTitle "playchess.com"]
[Source "ChessBase"]
[SourceQuality "1"]

{[%evp 9,142,8,15,22,23,24,26,23,26,4,0,0,-2,-10,-13,-39,-22,-27,-18,-26,-1,-5,7,-43,-42,-50,-27,-24,-26,-81,-47,-62,-56,-84,-102,-99,-57,-60,-49,-62,-14,-64,-51,-67,-55,-56,-40,-36,-39,-32,-2,-36,-25,-26,0,-14,-6,-48,-35,-20,-27,-102,-66,-50,-62,-110,-107,-280,-81,-95,-68,-84,-90,-89,-83,-65,-69,-100,-103,-527,-527,-527,-527,-517,-518,-491,-491,-487,-484,-477,-465,-630,-630,-630,-630,-549,-435,-791,-791,-791,-692,-677,-495,-6307,-5183,-4638,-4631,-4618,-4618,-3655,-2120,-1343,-484,-29965,-29960,-29978,-29979,-29975,-29963,-29973,-29974,-29973,-29975,-29971,-29970,-29988,-29989,-29989,-29990,-29991,-29992,-29992,-29991,-29992,-29991]} 1. d4 Nf6 2. c4 e6 3. g3 d5 4. Nf3 Bb4+ 5. Bd2 Bd6 (5... Be7 6. Bg2 O-O 7. O-O Nbd7 8. a4 a5 9. Qc2 c6 10. Na3 Ne4 11. Bf4 g5 12. Be3 f5 13. Rad1 Qe8 14. Qc1 h6 15. Ne5 Kh7 {½-½ (104) Nakamura,H (2743)-Karjakin,S (2750) Saint Louis 2019}) 6. Bg2 {E01: Catalan: Early deviations} O-O 7. O-O Nbd7 8. Qc2 {White has an edge.} c6 9. a4 a5 10. Rc1 Qe7 11. Na3 $146 ({Predecessor:} 11. Nc3 dxc4 12. Bg5 h6 13. Bxf6 Nxf6 14. Nd2 e5 15. d5 cxd5 16. Nxd5 Nxd5 17. Bxd5 {½-½ (46) Mendonca,L (2168)-Hejazipour,M (2285) Abu Dhabi 2018}) 11... Ne4 12. Ne1 Nxd2 13. Qxd2 f5 14. e3 Nf6 15. Nd3 Bd7 16. cxd5 exd5 17. Nc2 Ne4 $36 {[%mdl 2048] Black is pushing.} 18. Qe2 g5 19. Re1 (19. Nce1 $11) 19... Kh8 20. f3 Nf6 21. f4 Rg8 22. Ne5 Rg7 23. Rf1 Rag8 24. Ne1 Be6 25. N1f3 h6 26. Qd2 Bb4 27. Qe2 Qe8 28. Nd3 Bd6 29. Nfe5 Ne4 30. Rac1 Bc8 31. Qe1 gxf4 32. exf4 h5 33. Nf3 ({Reject} 33. Qxa5 h4 $1 $17 {[%mdl 512]}) 33... Be7 34. Rc2 $1 b6 {[%cal Bb7b6,Bb6c5,Bc5c4][%mdl 32]} 35. Nfe5 (35. Nde5 $11) 35... c5 36. dxc5 Qxa4 37. Qe2 bxc5 {aiming for ...h4.} 38. Rfc1 $2 {[#]} (38. Qxh5+ $17 {is a better defense.} Rh7 39. Qd1) 38... Qd4+ $2 (38... h4 $1 $19 {[%cal Rh4g3] is more deadly.} 39. Bxe4 Qxe4) 39. Kh1 $17 c4 40. Nf2 $1 {[%cal Rf2e4]} ({Not} 40. Qxh5+ $2 Rh7 $19) 40... Nxf2+ 41. Qxf2 Qxf2 42. Rxf2 Bb7 43. Rd1 h4 44. Bxd5 $2 {[%mdl 8192] [#]} (44. Rc2 $17) 44... Rd8 $1 $19 {[%cal Rd8d5]} 45. Rfd2 Bb4 46. Rd4 Bc5 47. R4d2 Be3 48. Bxb7 Rxd2 49. Rxd2 Bxd2 {[%mdl 4096] Endgame KRB-KBN} 50. Bc8 hxg3 51. hxg3 c3 52. bxc3 Bxc3 53. Nd3 (53. Nc4 $142) 53... a4 54. Kg2 a3 {Threatens to win with ...a2.} 55. Nc1 Re7 56. Kf3 (56. Ba6 $142) 56... Bd4 57. Bxf5 Re3+ 58. Kg4 Re1 59. Na2 Re2 60. Nc1 Be3 {Played: a3-a2} 0-1

[Event "11th LCC FIDE Open 2019"]
[Site "London"]
[Date "2019.12.03"]
[Round "6.14"]
[White "Percivaldi, Martin"]
[Black "Lee, Qing Aun"]
[Result "1-0"]
[WhiteElo "2384"]
[BlackElo "2228"]
[Annotator "TA"]
[PlyCount "57"]
[EventDate "2019.11.29"]
[EventType "swiss"]
[EventCountry "ENG"]
[SourceTitle "playchess.com"]
[Source "ChessBase"]
[SourceQuality "1"]

{[%evp 18,57,31,24,28,28,20,27,32,35,25,33,15,15,15,13,15,8,35,39,157,164,497,525,504,501,491,483,491,483,493,480,662,470,449,461,746,754,868,785,1665,1654]} 1. c4 e6 2. Nf3 Nf6 3. g3 d5 4. Bg2 Be7 5. d4 O-O 6. O-O dxc4 7. Ne5 c5 8. dxc5 Qc7 9. Nxc4 Qxc5 10. b3 Rd8 {E05: Open Catalan: 5 Nf3 Be7} 11. Nbd2 Qc7 12. Bb2 Nc6 {White has an edge.} 13. Rc1 Bd7 14. e4 (14. e3 Be8 15. Qe2 Rac8 16. Nf3 Qb8 17. a3 b5 18. Nce5 {½-½ (68) Jones,G (2691)-Cuenca Jimenez,J (2512) Caleta 2019}) 14... Nb4 15. e5 Ne8 16. Qh5 g6 17. Qh6 Bc6 $146 ({Predecessor:} 17... Nxa2 18. Nd6 Nxc1 19. Rxc1 Bxd6 20. Rxc7 {½-½ (42) Tleptsok,R (2448)-Romm,M (2446) ICCF email 2013}) 18. Bxc6 Qxc6 (18... bxc6 $14 19. Bc3 a5) 19. Nd6 $1 $36 {[%mdl 2048] Black is under strong pressure.} Qd5 $2 (19... Qd7 {is tougher.}) 20. N2e4 $18 {White wants to mate with Nxe8.White is clearly winning.} Bf8 21. Qh4 {Threatens to win with Nxe8.} Bxd6 22. exd6 Qf5 {[#]} 23. Rc7 $1 {[%mdl 512]} g5 {[#]} (23... Nxc7 24. Nf6+) 24. Qh5 $1 {[%mdl 512] Nf6+! would kill now.} Ng7 25. Qxg5 Qxg5 26. Nxg5 Nf5 (26... Ne8 $142 27. Rxf7 h6) 27. Nxf7 Re8 28. d7 Re7 29. Rc8+ {Accuracy: White = 96%, Black = 38%.} 1-0

[Event "11th LCC FIDE Open 2019"]
[Site "London"]
[Date "2019.12.03"]
[Round "6.15"]
[White "Taylor, Adam C"]
[Black "Russell, Christopher"]
[Result "1/2-1/2"]
[WhiteElo "2371"]
[BlackElo "2190"]
[Annotator "TA"]
[PlyCount "72"]
[EventDate "2019.11.29"]
[EventType "swiss"]
[EventCountry "ENG"]
[SourceTitle "playchess.com"]
[Source "ChessBase"]
[SourceQuality "1"]

{[%evp 11,72,12,15,10,20,1,23,15,19,24,33,35,66,33,49,0,0,0,0,0,0,-93,-111,-162,-94,-121,-101,-145,-129,-176,-161,-193,-192,-182,-186,-169,-192,-179,-183,-221,-206,-248,-262,-262,-260,-249,-250,-259,-179,-182,-199,-249,-214,-247,-99,-221,-220,-216,0,-216,0,-211,0]} 1. Nf3 Nf6 2. c4 e6 3. g3 d5 4. Bg2 Be7 5. O-O O-O 6. b3 b6 7. Bb2 {A14: English Opening: 1...e6 with b3 by White} c5 8. e3 (8. cxd5 Nxd5 9. Nc3 Bb7 10. d4 Nd7 11. Nxd5 Bxd5 12. Rc1 Rc8 13. dxc5 Nxc5 14. b4 Nd7 15. Qd3 a5 16. a3 axb4 17. axb4 h6 18. Nd4 Ne5 19. Qb5 Nc4 20. Bxd5 exd5 {½-½ (34) Vitiugov,N (2728)-Matlakov,M (2710) Izhevsk 2019}) 8... Nbd7 9. Nc3 {White has an edge.} Ba6 10. Qe2 h6 $146 ({Predecessor:} 10... e5 11. e4 dxc4 12. bxc4 Ne8 13. Nd5 Nd6 14. Bxe5 Bxc4 15. Nxe7+ Qxe7 16. Bxd6 Bxe2 17. Bxe7 Bxf1 18. Kxf1 {1-0 (42) Valdes Escobar,A (2397)-Pereira,G (1987) Florianopolis 2017}) 11. Rfd1 Qc8 12. Rac1 Rd8 13. d4 dxc4 14. bxc4 cxd4 15. Nxd4 {Strongly threatening Nc6.} Bb7 $1 16. Nd5 (16. e4 $11 {keeps the balance.}) 16... exd5 $17 17. Nf5 (17. cxd5 $17 Nc5 18. e4) 17... Bc5 (17... Bf8 $19 {White must now prevent ...d4!} 18. cxd5 Qb8) 18. cxd5 Qb8 19. e4 {next e5 is good for White.} Re8 20. Qf3 Ne5 ({But not} 20... Rxe4 21. Nxg7 $1 {[%mdl 512]} Qd6 22. Nf5 $17) ({Inferior is} 20... Nxe4 21. Qg4 $1 $16 {[%mdl 512]}) 21. Nxh6+ Kf8 ({And not} 21... gxh6 22. Qxf6 Qd6 23. Qxd6 $15) 22. Qf4 {[#]} Neg4 $1 {[%mdl 512]} 23. Nxg4 Qxf4 24. gxf4 Nxg4 25. Rd2 Nf6 26. e5 Nh5 27. f5 Nf4 28. Bf3 Rad8 {[%cal Rb7d5]} 29. Rcd1 Nh3+ 30. Kg2 Ng5 31. h4 Nxf3 32. Kxf3 {[#]} Rd7 (32... f6 $1 $19 33. e6 (33. exf6 gxf6) 33... Ke7) 33. Ke4 (33. Kg3 $17) 33... Bb4 34. Rd4 Bc5 35. R4d2 Bb4 36. Rd4 $1 {[%cal Rd4b4]} Bc5 $2 {Accuracy: White = 45%, Black = 48%.} ({Black should play} 36... Bd6 $19 37. f4 Kg8) 1/2-1/2

[Event "11th LCC FIDE Open 2019"]
[Site "London"]
[Date "2019.12.03"]
[Round "6.16"]
[White "Seymour, Timothy P"]
[Black "Fodor, Tamas Jr"]
[Result "0-1"]
[WhiteElo "2107"]
[BlackElo "2533"]
[Annotator "TA"]
[PlyCount "42"]
[EventDate "2019.11.29"]
[EventType "swiss"]
[EventCountry "ENG"]
[SourceTitle "playchess.com"]
[Source "ChessBase"]
[SourceQuality "1"]

{[%evp 14,42,46,26,51,23,24,2,12,3,10,-3,42,46,42,-11,16,19,11,24,43,18,31,16,42,-112,-33,-50,-22,-897,-853]} 1. e4 e5 2. Nf3 Nc6 3. Bb5 a6 4. Ba4 Nf6 5. O-O b5 6. Bb3 Bc5 7. c3 d6 8. a4 Bb7 {C78: Ruy Lopez: Archangelsk and Möller Defences} 9. d3 (9. d4 Bb6 10. Bg5 h6 11. Bxf6 Qxf6 12. Bd5 O-O 13. dxe5 dxe5 14. Qe2 bxa4 15. Nbd2 Rad8 16. Nc4 {½-½ (53) Nepomniachtchi,I (2774)-Mamedyarov,S (2764) Saint Louis 2019}) 9... O-O 10. Na3 Ne7 $146 {The position is equal.} ({Predecessor:} 10... h6 11. Bd2 b4 12. Nc4 a5 13. Be3 Bxe3 14. Nxe3 Ne7 15. Re1 c5 16. Bc4 Rb8 17. cxb4 axb4 {½-½ (40) Mihok,O (2463)-Papp,G (2526) Austria 2010}) 11. Bg5 Ng6 $1 12. axb5 Bxa3 (12... axb5 {looks sharper.} 13. Nxb5 Rxa1 14. Qxa1 c6 15. Na3 h6) 13. Rxa3 axb5 14. Qa1 (14. Rxa8 $14 Qxa8 15. Bxf6 gxf6 16. Re1) 14... h6 {[#] ...Rxa3 is the strong threat.} 15. Rxa8 Bxa8 16. Bxf6 gxf6 17. Qa7 Qd7 18. Ra1 Kh7 19. Bd5 $2 {[#]} (19. Qe3 $14 {stays ahead.}) 19... Bxd5 (19... Nf4 $1 $17 {Hoping for ...Rg8.} 20. Qe3 (20. Bxa8 Rg8 $15) 20... Nxd5 21. exd5 Bxd5) 20. exd5 $15 Nf4 {[%mdl 64] aiming for ...Rg8! Double Attack} 21. c4 $2 {[%mdl 8192]} (21. Ne1 $11) 21... Rg8 {Accuracy: White = 11%, Black = 23%.} 0-1

[Event "11th LCC FIDE Open 2019"]
[Site "London"]
[Date "2019.12.03"]
[Round "6.17"]
[White "Clarke, Brandon Gi"]
[Black "Walker, Martin G"]
[Result "1-0"]
[WhiteElo "2431"]
[BlackElo "2162"]
[Annotator "TA"]
[PlyCount "81"]
[EventDate "2019.11.29"]
[EventType "swiss"]
[EventCountry "ENG"]
[SourceTitle "playchess.com"]
[Source "ChessBase"]
[SourceQuality "1"]

{[%evp 9,81,47,59,35,45,22,43,25,40,41,39,31,35,14,26,21,43,28,39,27,50,17,21,19,19,8,1,-21,0,0,0,0,1,0,0,0,0,0,0,0,0,0,53,39,60,59,70,58,91,79,100,78,94,0,0,0,22,0,32,35,162,158,138,0,154,155,155,155,377,175,2012,1874,5273,4874]} 1. e4 Nf6 2. e5 Nd5 3. d4 d6 4. Nf3 dxe5 5. Nxe5 e6 (5... c6 6. c4 Nb4 7. Be3 Bf5 8. Na3 Nd7 9. g4 Be4 10. f3 Bg6 11. Nxg6 hxg6 12. h4 e5 13. Qd2 Qa5 14. O-O-O Nxa2+ {1-0 (30) Navara,D (2734)-Yuffa,D (2582) Riga 2019}) 6. Be2 {B04: Alekhine's Defence: 4 Nf3} Nd7 7. Nf3 Be7 8. O-O {White is slightly better.} O-O 9. c4 N5f6 10. Bf4 b6 11. Nc3 Bb7 12. Qd3 $146 ({Predecessor:} 12. Qb3) 12... a6 13. h3 Re8 14. Rad1 Nf8 15. Qc2 Ng6 16. Bh2 Bd6 17. Ne5 Qe7 18. Bf3 Bxf3 (18... Bxe5 {is interesting.} 19. Bxb7 Bxh2+ 20. Kxh2 Rab8 21. Bf3 Nh4) 19. Nxf3 Bxh2+ 20. Kxh2 Red8 21. Rfe1 c5 22. d5 Qc7+ 23. g3 exd5 24. Nxd5 Nxd5 25. cxd5 Qd6 (25... Rd7 $11) 26. Ng5 $1 $14 Ra7 27. Ne4 Qb8 28. d6 Rad7 29. f4 Qa8 30. h4 h6 31. h5 (31. Qe2 $16) 31... Nf8 $11 32. Qb3 Re8 33. Rd5 Ne6 {aiming for ...Nd4.} 34. Re5 $1 Kf8 (34... Rdd8 $14) 35. Qd3 $1 $36 {[%mdl 2048] Threatens to win with f5. Keeping Black busy.} ({Weaker is} 35. Qxb6 Rb7 $11) 35... Red8 {[#]} 36. b4 ({White should play} 36. g4 $1 $16) 36... Nd4 $2 ({Better is} 36... cxb4 $11 37. Qb3 Nd4) 37. bxc5 $16 bxc5 38. Kh3 ({Inferior is} 38. Rxc5 Rxd6 39. Nxd6 Nf3+ 40. Kh3 Nxe1 $11) 38... Qc8 $2 {[#]} (38... f5 $16 {was worth a try.}) 39. g4 (39. f5 $142 $1) 39... Rxd6 $2 (39... Kg8 40. Rxc5 Ne6 41. Rxc8 (41. Rf5 Rb7 $14 {[%mdl 64] Decoy}) 41... Nxf4+ 42. Kg3 Nxd3 43. Rxd8+ Rxd8) 40. Nxd6 $18 Rxd6 41. Qh7 {Accuracy: White = 51%, Black = 29%.} 1-0

[Event "11th LCC FIDE Open 2019"]
[Site "London"]
[Date "2019.12.03"]
[Round "6.18"]
[White "Bradbury, Neil H"]
[Black "Villiers, Thomas"]
[Result "0-1"]
[WhiteElo "2326"]
[BlackElo "2145"]
[Annotator "TA"]
[PlyCount "70"]
[EventDate "2019.11.29"]
[EventType "swiss"]
[EventCountry "ENG"]
[SourceTitle "playchess.com"]
[Source "ChessBase"]
[SourceQuality "1"]

{[%evp 18,70,0,-8,29,9,16,2,10,11,30,0,0,-8,8,0,-8,-41,16,0,0,0,0,0,0,-12,0,0,0,0,0,-38,-33,-48,-37,-46,-49,-60,-58,-60,-52,-97,-102,-138,-131,-127,-141,-139,-122,-136,-124,-192,-215,-672,-672]} 1. d4 e6 2. c4 b6 3. Nf3 Nf6 4. a3 Bb7 5. Nc3 d5 6. cxd5 Nxd5 7. e3 Be7 8. Bb5+ c6 9. Bd3 O-O 10. O-O Nd7 {E12: Queen's Indian: Unusual White 4th moves, 4 a3, 4 Nc3 Bb7 5 a3 and 4 Nc3 Bb7} (10... Nxc3 11. bxc3 c5 12. Qe2 Nd7 13. Rd1 Qc7 14. e4 Nf6 15. Ne5 Rad8 16. Bb2 Qb8 17. a4 Bd6 18. Nf3 Be7 19. Ne5 Qa8 {½-½ (65) Andersen,M (2605)-Lenderman,A (2600) Reykjavik 2018}) 11. Qe2 Qc7 12. Bd2 $146 ({Predecessor:} 12. Qc2 h6 13. Nxd5 exd5 14. b3 Bd6 15. Bb2 Rfe8 16. Rac1 Rac8 17. Bh7+ Kh8 18. Bf5 {1-0 (31) Praczukowski,S (2126)-Maj,P (2139) Suwalki 2019}) 12... Rac8 {The position is equal.} 13. Rac1 Qb8 14. Bb1 Rfd8 15. e4 Nf4 16. Qe3 Ng6 17. h4 Nf6 (17... c5 $15 18. d5 Nf6) 18. e5 $11 Ng4 $1 {[%cal Rg4e3]} 19. Qe2 c5 20. h5 Nf8 21. dxc5 Rxc5 22. Bf4 Bxf3 $1 23. Qxf3 Nxe5 24. Qg3 Bd6 $1 25. Rcd1 {Strongly threatening Ne4.} Nc4 $1 {[%csl LRb2,LRf4,LRh5]} 26. h6 {[%csl Gh6][%cal Rg3g7]} Ng6 $1 27. Bxg6 hxg6 28. Bxd6 Nxd6 29. hxg7 Kxg7 30. Qh4 Rh5 {[%cal Bc5h5,Bh5h2,Bh2g2][%mdl 32]} 31. Qd4+ e5 32. Qd5 Rdh8 $36 {[%csl Gh8][%cal Rh5h1][%mdl 2048] Keeping White busy.} 33. f3 Nf5 {White must now prevent ...Ne3.} 34. Kf2 {[#]} (34. Rfe1 $17) 34... Rh2 $1 $19 35. Ne4 $2 {[#]} (35. Rg1) 35... Rxg2+ $1 {[%mdl 512] Accuracy: White = 49%, Black = 52%.} 0-1

[Event "11th LCC FIDE Open 2019"]
[Site "London"]
[Date "2019.12.03"]
[Round "6.19"]
[White "Paterek, Michal"]
[Black "Ethelontis, Alexandros N"]
[Result "1-0"]
[WhiteElo "2317"]
[BlackElo "2139"]
[Annotator "TA"]
[PlyCount "115"]
[EventDate "2019.11.29"]
[EventType "swiss"]
[EventCountry "ENG"]
[SourceTitle "playchess.com"]
[Source "ChessBase"]
[SourceQuality "1"]

{[%evp 11,115,-10,0,-14,-4,-29,-4,0,-7,-13,0,0,5,-13,0,-12,-14,-26,-25,0,-13,-56,-57,-75,-45,-22,10,-64,0,0,0,0,10,14,50,29,42,37,34,42,46,45,39,59,111,25,24,26,39,40,146,110,104,117,120,116,122,111,193,189,198,20,130,0,0,0,0,0,0,-8,15,6,251,251,306,325,435,436,434,446,530,523,5518,5313,1750,782,5077,602,3779,3502,29970,5490,5085,602,2435,1437,29977,29978,29978,29979,29979,29980,29981,29982,29983,29984]} 1. d4 e6 2. c4 Nf6 3. Nc3 Bb4 4. e3 O-O 5. Nge2 Re8 6. a3 Bf8 7. b3 {E46: Nimzo-Indian: Rubinstein: 4 e3 0-0 5 Ne2 without early Bd3} (7. Ng3 d5 8. Be2 b6 9. O-O Bb7 10. b4 Nbd7 11. Qb3 c6 12. Rd1 a5 13. Bd2 axb4 14. axb4 Qe7 15. cxd5 exd5 {½-½ (36) Aleksandrov,A (2577)-Le,Q (2708) Khanty-Mansiysk 2019}) 7... d5 8. Bb2 Nbd7 9. Ng3 $146 {The position is equal.} ({Predecessor:} 9. Nf4 c6 10. Be2 Bd6 11. O-O dxc4 12. bxc4 e5 13. Nd3 exd4 14. exd4 Nf8 {1-0 (39) Kaunas,K (2154)-Laurusas,T (2501) Klaipeda 2019}) 9... b6 10. Bd3 Bb7 11. O-O c5 12. Rc1 Rc8 13. Re1 g6 14. Rc2 h5 15. cxd5 exd5 16. dxc5 bxc5 17. h3 h4 18. Nf1 $1 Qb6 {aiming for ...d4.} 19. Rd2 (19. Nd2 $11) 19... Bh6 ({Better is} 19... Bc6 $15) 20. Na4 $11 Qc6 21. Be2 Ne5 22. Rc2 d4 {[%csl Gb7][%cal Rc6g2]} 23. f3 Qd5 24. exd4 cxd4 {Hoping for ...d3.} 25. Rxc8 Bxc8 26. Qxd4 Qxd4+ 27. Bxd4 Nd3 (27... Nh5 $14) 28. Rd1 (28. Bxd3 $16 Rxe1 29. Bxf6) 28... Rxe2 29. Bxf6 Bf5 30. Nc3 $36 {[%mdl 2048] White is pushing.} Rc2 (30... Rb2 $14) 31. Ne4 Bxe4 32. fxe4 Nf4 33. Rd8+ ({Worse is} 33. Bxh4 Rxg2+ 34. Kh1 Rb2 $15) 33... Bf8 34. Ne3 ({Much worse is} 34. Bxh4 $6 Rxg2+ 35. Kh1 Rb2 $11) 34... Re2 {[#]} (34... Ra2 $16) 35. Nd5 $1 $18 {[%cal Rd5e7] White wants to mate with Ne7+.} Ne6 {[#]} 36. Nc3 $2 (36. Ra8 $1 $18) 36... Rc2 (36... Re1+ $11 37. Kf2 Ra1) 37. Rc8 ({White must play} 37. Ra8 $16) 37... Kh7 $11 38. Kf1 g5 39. b4 {[%cal Bb3b4,Bb4a5][%mdl 32]} Kg6 40. Be5 f6 {[#]} 41. Bxf6 $1 {[%mdl 512] And now Rc6 would win.} a5 $2 (41... Rc1+ $11 {and Black stays safe.} 42. Ke2 Rc2+ 43. Kf1 Rc1+ 44. Ke2 Rc2+ 45. Kd3 Rxg2) (41... Kxf6 42. Nd5+) 42. bxa5 $18 Bc5 43. Be5 Rf2+ 44. Ke1 Rxg2 45. Ne2 g4 46. Rxc5 Rxe2+ 47. Kxe2 {Rc1 would kill now.} Nxc5 {[%mdl 4096] Endgame KB-KN} 48. Ke3 (48. hxg4 $142 Kf7 49. Kf3) 48... gxh3 49. Kf3 Kg5 50. Bd6 {White threatens Be7+ and mate.} Na6 51. Be7+ (51. Kf2 $142 Kg6 52. e5 Kf7 53. Kg1 h2+ 54. Kxh2 Ke6 55. a4 Kd7 56. Kh3) 51... Kh5 52. e5 (52. Kf2 $142 Nb8 53. Bd6) 52... Nb8 53. Bd6 Na6 54. e6 {White mates.} Kg6 55. Kf2 Kf6 56. e7 Kf7 57. Kg1 Ke8 58. Kh2 {Accuracy: White = 51%, Black = 29%.} 1-0

[Event "11th LCC FIDE Open 2019"]
[Site "London"]
[Date "2019.12.03"]
[Round "6.20"]
[White "Goh, Zi Han"]
[Black "Sowray, Peter J"]
[Result "0-1"]
[WhiteElo "2134"]
[BlackElo "2316"]
[Annotator "TA"]
[PlyCount "82"]
[EventDate "2019.11.29"]
[EventType "swiss"]
[EventCountry "ENG"]
[SourceTitle "playchess.com"]
[Source "ChessBase"]
[SourceQuality "1"]

{[%evp 17,82,0,0,0,0,0,36,35,41,26,13,0,25,16,25,0,4,0,7,0,0,0,0,-59,-72,-88,-56,-152,-154,-144,-148,-149,-156,-161,-154,-143,-154,-143,-116,-149,-139,-133,-122,-129,-130,-240,-251,-248,-235,-532,-372,-722,-700,-921,-921,-903,-903,-903,-903,-937,-917,-849,-826,-29998,-29998,-29998,-29992]} 1. d4 d5 2. c4 dxc4 3. e3 e5 4. Bxc4 exd4 5. exd4 Bd6 6. Nf3 Nf6 7. O-O O-O 8. Nc3 Nc6 9. h3 h6 10. Qc2 {D20: Queen's Gambit Accepted: 3 e3 and 3 e4} Nb4 11. Qb1 Be6 12. Bxe6 {White is slightly better.} fxe6 13. Re1 {[#]} Qe7 $146 ({Predecessor:} 13... Qd7 14. Bd2 Rae8 15. Ne4 Nxe4 16. Rxe4 Nd5 17. Qd3 Rf5 18. Rae1 Nf6 19. R4e2 Nd5 20. Re4 Nf6 21. R4e2 Nd5 22. Re4 Nf6 {½-½ (22) Avrukh,B (2576)-Golod,V (2578) Jerusalem 2013}) 14. Bd2 c6 15. Ne5 Bxe5 16. dxe5 Nd7 17. a3 Nd5 18. Qe4 Rf5 19. Qd4 Qc5 20. Qxc5 (20. Qh4 $11) 20... Nxc5 $15 21. g4 Rf3 22. Kg2 (22. Nxd5 $15 cxd5 23. Re3) 22... Raf8 $17 23. Re2 Nb3 $1 {[%cal Rb3a1]} 24. Rae1 Nd4 25. Nxd5 cxd5 ({Don't do} 25... exd5 26. Bb4 $15) 26. Bb4 R8f7 $1 ({Much worse is} 26... Nxe2 $6 27. Bxf8 Rxf8 28. Rxe2 $11) 27. Rd2 Nb3 $36 {[%mdl 2048] Black is in control.} 28. Rc2 {[#]} a5 $1 {[%cal Ra5b4,Ba7a5,Ba5a4][%mdl 32]} 29. Bd6 d4 {Strongly threatening ...d3.} 30. Rf1 d3 31. Rc8+ (31. Rc7 $17) 31... Kh7 $19 {Hoping for ...d2.} 32. Rc7 {[#]} R7f4 $1 {Threatens to win with ...d2.} 33. Rc3 $2 (33. Be7 {might work better.} Nd2 34. Bf6 Nxf1 35. Rxg7+ Kh8 36. Rd7+ Rxf6 37. exf6) 33... a4 34. Bc7 $2 (34. Rxb3 axb3 35. Bb4) 34... Nd2 35. Rd1 Rxf2+ 36. Kg1 Re2 37. Rxd3 Rff2 {( -> ...Rg2+)} 38. Rg3 {[#]} Ne4 $1 {[%mdl 512]} 39. Bb6 Rh2 ({Weaker is} 39... Nxg3 40. Bxf2 Ne4 41. Re1 $15) 40. Rg2 Rexg2+ 41. Kf1 Nd2+ {Accuracy: White = 32%, Black = 89%.} 0-1